| 000 | 00789nam a22002537a 4500 | ||
|---|---|---|---|
| 999 |
_c15230 _d15230 |
||
| 003 | MIRAKIL | ||
| 005 | 20230502134109.0 | ||
| 008 | 230502b tu ||||| |||| 00| 0 tur d | ||
| 020 | _a9789755160504 | ||
| 040 |
_aTR-AnCHP _cTR-AnCHP |
||
| 041 | _atur | ||
| 082 |
_a306.697 _bS64 2013 |
||
| 245 | 1 | 0 |
_aSol ilahiyat : _bdini soldan okumak / _cderleyenler : Kazım Özdoğan, Derviş Aydın Akkoç. |
| 246 | _adini soldan okumak | ||
| 260 |
_aİstanbul: _bBirikim Yayınları, _c2013. |
||
| 300 |
_a392 s.: _c19 sm. |
||
| 490 | 0 |
_aBirikim yayınları : _v52. |
|
| 650 | 0 |
_97406 _aDin sosyolojisi |
|
| 650 | 0 |
_95876 _aSiyaset ve din |
|
| 700 |
_97407 _aÖzdoğan, Kazım _eder. |
||
| 700 |
_97408 _aAkkoç, Derviş Aydın _eder. |
||
| 740 | _adini soldan okumak | ||
| 942 |
_2ddc _cBKS |
||